Oftalmología: texto y atlas en color

Сохранить в:
Библиографические подробности
Главный автор: Lang, Gerhard K (Автор)
Формат:
Язык:испанский
Опубликовано: Barcelona Masson 2006
Редактирование:2a. ed
Предметы:
Метки: Добавить метку
Нет меток, Требуется 1-ая метка записи!

MARC

LEADER 00000nam a2200000 a 4500
001 UCI2943
003 CL-VaPUC
008 071005e20060000SP |||||||||||||||||spa|d
020 |a 8445815393 
082 0 4 |a 617.7  |b LAN  |2 21 
100 0 |a Lang, Gerhard K  |e author  |9 524211 
245 1 0 |a Oftalmología: texto y atlas en color 
250 |a 2a. ed 
300 |a 610 p 
942 |c BK 
945 |d 20071005 00:00:00  |a cmena 
260 |a Barcelona  |b Masson  |c 2006 
650 0 |a Oftalmología   |9 343851 
650 0 |a Epidemiología   |9 271159 
650 0 |a Enfermedades de los ojos  |9 351395 
650 0 |a Atención médica  |9 337119 
650 0 |a Diagnóstico clínico   |9 419858 
583 |a last modification  |c 20071005 00:00:00  |k Rodrigo Vera 
999 |c 327352  |d 327350 
952 |0 0  |1 0  |4 0  |6 617_700000000000000_LAN_2006  |7 0  |8 A  |9 410095  |a BIBCUR  |b BIBCUR  |d 2019-11-22  |i 4332830  |l 13  |m 8  |o 617.7 LAN 2006  |p 4332830  |r 2025-04-22  |s 2024-11-27  |w 2019-11-22  |y BK  |k TEM 
952 |0 0  |1 0  |4 0  |6 617_700000000000000_LAN_2006  |7 0  |8 A  |9 410096  |a BIBCUR  |b BIBCUR  |d 2019-11-22  |i 4524020  |l 14  |m 3  |o 617.7 LAN 2006  |p 4524020  |r 2025-04-22  |s 2025-03-31  |w 2019-11-22  |y BK  |k TEM